LIBRARY ONLINE CATALOGUE

Maasai. : (Record no. 13705)

MARC details
000 -LEADER
fixed length control field 00568cam a22002052 4500
001 - CONTROL NUMBER
control field 0000019635
005 - DATE AND TIME OF LATEST TRANSACTION
control field 20151217155901.0
008 - FIXED-LENGTH DATA ELEMENTS--GENERAL INFORMATION
fixed length control field 110114s xx 000 0 eng d
020 ## - INTERNATIONAL STANDARD BOOK NUMBER
International Standard Book Number 0810980991 :
040 ## - CATALOGING SOURCE
Original cataloging agency KABU
Transcribing agency KABU
245 10 - TITLE STATEMENT
Title Maasai. :
Statement of responsibility, etc. Tepilit Ole Saitoti.
250 ## - EDITION STATEMENT
Edition statement 1st ed.
260 ## - PUBLICATION, DISTRIBUTION, ETC. (IMPRINT)
Place of publication, distribution, etc. New York :
Name of publisher, distributor, etc. Abrams,
Date of publication, distribution, etc. 1990.
300 ## - PHYSICAL DESCRIPTION
Extent 276p.
650 #0 - SUBJECT ADDED ENTRY--TOPICAL TERM
Topical term or geographic name as entry element Masai
Geographic subdivision Africa.
-- 0000179444
700 1# - ADDED ENTRY--PERSONAL NAME
Personal name Saitoti, Ole Tepilit.
-- 0000179445
852 1# - LOCATION
-- p5395 KES
908 ## - PUT COMMAND PARAMETER (RLIN)
Put command parameter 110114
950 ## - LOCAL HOLDINGS (RLIN)
-- 1
Holdings
Withdrawn status Lost status Source of classification or shelving scheme Not for loan Home library Current library Date acquired Total Checkouts Full call number Barcode Date last seen Date last checked out Price effective from Koha item type
    Library of Congress Classification   Kabarak, Main Campus Kabarak, Main Campus 17/12/2015 1 DT433.545 .M33S25 1990 c.1 22936 05/03/2018 05/03/2018 17/12/2015 Africana Collection